[Event "Mittelfranken Landesliga Nord 2223"]
[Site "Mittelfranken"]
[Date "2022.10.23"]
[Round "2.3"]
[White "Eichenauer, Pascal"]
[Black "Speckner, Roland"]
[Result "1-0"]
[WhiteElo "2097"]
[BlackElo "2306"]
[PlyCount "61"]
[EventDate "2022.10.09"]
[EventType "team-tourn"]
[EventRounds "9"]
[EventCountry "GER"]
[SourceTitle "EXT 2024"]
[Source "ChessBase"]
[SourceDate "2023.10.10"]
[SourceVersion "1"]
[SourceVersionDate "2023.10.10"]
[SourceQuality "1"]
[WhiteTeam "Wuerzburg"]
[BlackTeam "Kareth Lappersdorf"]
[WhiteTeamCountry "GER"]
[BlackTeamCountry "GER"]

1. e4 d6 2. d4 g6 3. c4 Bg7 4. Nf3 Nf6 5. Nc3 0-0 6. Be2 Nbd7 7. 0-0 e5 8. Be3 Qe7 9. d5 Ng4 10. Bg5 f6 11. Bd2 Nh6 12. b4 f5 13. Ng5 Nf6 14. f3 Nh5 15. Rc1 Nf4 16. Bxf4 exf4 17. Ne6 Bxe6 18. dxe6 c6 19. c5 Rad8 20. Qb3 dxc5 21. bxc5 Bd4+ 22. Kh1 Bxc5 23. Rfd1 Bd4 24. Nd5 cxd5 25. Rxd4 fxe4 26. fxe4 Qxe6 27. Rxd5 Rxd5 28. Bc4 Rc8 29. exd5 Qd6 30. Qxb7 Rc7 31. Qxc7 1-0

[Event "Mittelfranken Landesliga Nord 2122"]
[Site "Mittelfranken"]
[Date "2022.05.29"]
[Round "9.5"]
[White "Eichenauer, Pascal"]
[Black "Ter Akopyan, Bagrat"]
[Result "0-1"]
[WhiteElo "2084"]
[BlackElo "2045"]
[PlyCount "60"]
[EventDate "2021.10.24"]
[EventType "team-tourn"]
[EventRounds "9"]
[EventCountry "GER"]
[SourceTitle "EXT 2024"]
[Source "ChessBase"]
[SourceDate "2023.10.10"]
[SourceVersion "1"]
[SourceVersionDate "2023.10.10"]
[SourceQuality "1"]
[WhiteTeam "Wuerzburg"]
[BlackTeam "Herzogenaurach"]
[WhiteTeamCountry "GER"]
[BlackTeamCountry "GER"]

1. d4 d5 2. c4 c6 3. Nf3 a6 4. e3 b5 5. cxd5 cxd5 6. a4 b4 7. a5 e6 8. Ne5 Nf6 9. g4 Ne4 10. Nd2 f6 11. Qa4+ Bd7 12. Nxd7 Qxd7 13. Nxe4 dxe4 14. Bd2 Bd6 15. Bxb4 0-0 16. Bc4 Nc6 17. Bc3 Qc8 18. d5 Ne5 19. Bxe5 Bxe5 20. dxe6 Kh8 21. Rb1 f5 22. gxf5 Rxf5 23. e7 Bf6 24. Bxa6 Qe6 25. Bb7 Rfxa5 26. Qxe4 Re5 27. Qc6 Rxe3+ 28. Kf1 Qh3+ 29. Qg2 Qf5 30. Rd1 Qd3+ 0-1

[Event "Mittelfranken Landesliga Nord 2122"]
[Site "Mittelfranken"]
[Date "2022.05.08"]
[Round "8.4"]
[White "Eichenauer, Pascal"]
[Black "Luessmann, Thomas"]
[Result "1-0"]
[WhiteElo "2084"]
[BlackElo "2055"]
[PlyCount "67"]
[EventDate "2021.10.24"]
[EventType "team-tourn"]
[EventRounds "9"]
[EventCountry "GER"]
[SourceTitle "EXT 2024"]
[Source "ChessBase"]
[SourceDate "2023.10.10"]
[SourceVersion "1"]
[SourceVersionDate "2023.10.10"]
[SourceQuality "1"]
[WhiteTeam "Wuerzburg"]
[BlackTeam "Erlangen II"]
[WhiteTeamCountry "GER"]
[BlackTeamCountry "GER"]

1. d4 d5 2. c4 e6 3. Nc3 c6 4. e3 Nf6 5. Nf3 Nbd7 6. Bd3 dxc4 7. Bxc4 b5 8. Bd3 Bb7 9. e4 b4 10. Na4 c5 11. e5 Nd5 12. dxc5 Qa5 13. Nd4 b3+ 14. Qd2 Qxa4 15. Bb5 Qb4 16. c6 Bxc6 17. Bxc6 Rc8 18. 0-0 bxa2 19. Qd3 Bc5 20. Qa6 Rc7 21. Nb5 Rxc6 22. Qxc6 Ke7 23. Bg5+ f6 24. exf6+ gxf6 25. Rfe1 e5 26. Qxd5 Qxb5 27. Rxe5+ Nxe5 28. Qxe5+ Kd7 29. Qd5+ Kc8 30. Be3 Qxb2 31. Qc6+ Kd8 32. Rd1+ Ke7 33. Rd7+ Kf8 34. Qc8# 1-0

[Event "Schweinfurt op 29th"]
[Site "Schweinfurt"]
[Date "2019.06.23"]
[Round "6"]
[White "Helm, Timo"]
[Black "Eichenauer, Pascal"]
[Result "0-1"]
[WhiteElo "2109"]
[BlackElo "1822"]
[PlyCount "72"]
[EventDate "2019.06.20"]
[EventType "swiss"]
[EventRounds "7"]
[EventCountry "GER"]
[SourceTitle "CBM 191 Extra"]
[Source "ChessBase"]
[SourceDate "2019.09.30"]
[SourceVersion "1"]
[SourceVersionDate "2019.09.30"]
[SourceQuality "1"]

1. f4 e5 2. e4 exf4 3. Bc4 Nf6 4. Nc3 c6 5. d3 d5 6. exd5 cxd5 7. Bb5+ Nc6 8. Bxf4 d4 9. Bxc6+ bxc6 10. Qe2+ Be6 11. Ne4 Nd5 12. Bd2 Qb6 13. Nf3 Be7 14. 0-0 h6 15. Qf2 Ne3 16. Nxd4 Nxf1 17. Rxf1 Bd5 18. Be3 Qxb2 19. Nf5 Bxe4 20. Bd4 Bc5 21. Nd6+ Kd7 22. Bxc5 Bd5 23. Nxf7 Rhe8 24. Qf5+ Re6 25. d4 Rae8 26. Qg4 g5 27. Ne5+ Kc8 28. c4 h5 29. Qxg5 Rxe5 30. dxe5 Rg8 31. Qf5+ Kb8 32. Rb1 Rxg2+ 33. Kf1 Bxc4+ 34. Ke1 Re2+ 35. Kd1 Bb3+ 36. axb3 Qd2# 0-1

[Event "Schweinfurt op 29th"]
[Site "Schweinfurt"]
[Date "2019.06.21"]
[Round "3"]
[White "Eichenauer, Pascal"]
[Black "Milovanovic, Milos"]
[Result "1-0"]
[WhiteElo "1822"]
[BlackElo "2025"]
[PlyCount "121"]
[EventDate "2019.06.20"]
[EventType "swiss"]
[EventRounds "7"]
[EventCountry "GER"]
[SourceTitle "CBM 191 Extra"]
[Source "ChessBase"]
[SourceDate "2019.09.30"]
[SourceVersion "1"]
[SourceVersionDate "2019.09.30"]
[SourceQuality "1"]

1. d4 Nf6 2. c4 g6 3. Nc3 Bg7 4. e4 d6 5. Nf3 0-0 6. Be2 e5 7. d5 a5 8. Be3 Na6 9. Nd2 c6 10. a3 Ne8 11. b4 f5 12. f3 Bd7 13. Qb3 axb4 14. axb4 Qh4+ 15. Bf2 Qg5 16. dxc6 Bxc6 17. Qb2 Nac7 18. Rxa8 Nxa8 19. 0-0 Nac7 20. c5 Bd7 21. cxd6 Nxd6 22. Bc5 Rf6 23. Nc4 Nxc4 24. Bxc4+ Be6 25. Nd5 Rf7 26. Bb6 Ne8 27. Ra1 fxe4 28. Ra8 Rf8 29. Be3 Qh4 30. Bf2 Qh5 31. Bc5 Nd6 32. Rxf8+ Kxf8 33. Bxd6+ Kf7 34. Qf2 exf3 35. Qxf3+ Qf5 36. Qxf5+ gxf5 37. Kf2 b5 38. Ba2 e4 39. Bf4 Bf8 40. Be5 Bh6 41. g3 Bg5 42. Bf4 Bxf4 43. gxf4 Kg6 44. Nc3 Bd7 45. Nd5 Be6 46. Ne7+ Kf7 47. Bxe6+ Kxe6 48. Nc6 Kd5 49. Ne7+ Ke6 50. Nxf5 Kxf5 51. Ke3 h6 52. h3 h5 53. h4 Kg4 54. Kxe4 Kxh4 55. Kf3 Kh3 56. f5 Kh2 57. f6 h4 58. f7 h3 59. f8Q Kh1 60. Qg7 Kh2 61. Kf2 1-0

[Event "Regionalliga Nord-West 1819"]
[Site "Bayern"]
[Date "2019.04.07"]
[Round "9.1"]
[White "Bergmann, Matthias"]
[Black "Eichenauer, Pascal"]
[Result "1/2-1/2"]
[WhiteElo "2007"]
[BlackElo "1774"]
[PlyCount "47"]
[EventDate "2018.10.21"]
[EventType "team-tourn"]
[EventRounds "9"]
[EventCountry "GER"]
[SourceTitle "EXT 2022"]
[Source "ChessBase"]
[SourceDate "2021.10.06"]
[SourceVersion "1"]
[SourceVersionDate "2021.10.06"]
[SourceQuality "1"]
[WhiteTeam "Seubelsdorf"]
[BlackTeam "Wuerzburg II"]
[WhiteTeamCountry "GER"]
[BlackTeamCountry "GER"]

1. d4 d5 2. c4 c6 3. Nc3 Nf6 4. Nf3 dxc4 5. a4 Bf5 6. e3 e6 7. Bxc4 Bb4 8. 0-0 0-0 9. Qe2 Bg6 10. Ne5 Bh5 11. f3 Nd5 12. Bd2 Nb6 13. Bd3 c5 14. dxc5 N8d7 15. Nxf7 Bxf7 16. cxb6 Qxb6 17. Bc2 Rfd8 18. Rfd1 Rac8 19. a5 Qc7 20. Bb3 Nc5 21. Bc2 Nd7 22. Bb3 Nc5 23. Bc2 Nd7 24. Bb3 1/2-1/2

[Event "Regionalliga Nord-West 1819"]
[Site "Bayern"]
[Date "2019.03.24"]
[Round "8.1"]
[White "Eichenauer, Pascal"]
[Black "Feldheim, Jonas"]
[Result "0-1"]
[WhiteElo "1774"]
[BlackElo "2131"]
[PlyCount "62"]
[EventDate "2018.10.21"]
[EventType "team-tourn"]
[EventRounds "9"]
[EventCountry "GER"]
[SourceTitle "EXT 2022"]
[Source "ChessBase"]
[SourceDate "2021.10.06"]
[SourceVersion "1"]
[SourceVersionDate "2021.10.06"]
[SourceQuality "1"]
[WhiteTeam "Wuerzburg II"]
[BlackTeam "Stetten"]
[WhiteTeamCountry "GER"]
[BlackTeamCountry "GER"]

1. d4 d5 2. c4 c6 3. Nc3 Nf6 4. Nf3 e6 5. cxd5 exd5 6. Qc2 g6 7. Bg5 Be7 8. e3 Bf5 9. Qd2 Nbd7 10. h3 0-0 11. Bh6 Re8 12. g4 Be4 13. Nxe4 Nxe4 14. Qc2 Qa5+ 15. Kd1 c5 16. dxc5 Rac8 17. Bd3 Ndxc5 18. Ke2 Bf6 19. Rhb1 Na4 20. Qb3 d4 21. Kf1 Nac5 22. Qb5 Qd8 23. Bxe4 Nxe4 24. exd4 Bxd4 25. Nxd4 Qxd4 26. Be3 Ng3+ 27. Kg2 Rxe3 28. fxe3 Rc2+ 29. Kxg3 Qxe3+ 30. Kh4 Qf2+ 31. Kg5 f6+ 0-1

[Event "Regionalliga Nord-West 1819"]
[Site "Bayern"]
[Date "2019.02.03"]
[Round "6.1"]
[White "Eichenauer, Pascal"]
[Black "Seidel, Peter"]
[Result "0-1"]
[WhiteElo "1774"]
[BlackElo "2103"]
[PlyCount "50"]
[EventDate "2018.10.21"]
[EventType "team-tourn"]
[EventRounds "9"]
[EventCountry "GER"]
[SourceTitle "EXT 2022"]
[Source "ChessBase"]
[SourceDate "2021.10.06"]
[SourceVersion "1"]
[SourceVersionDate "2021.10.06"]
[SourceQuality "1"]
[WhiteTeam "Wuerzburg II"]
[BlackTeam "Hoechstadt/Aisch"]
[WhiteTeamCountry "GER"]
[BlackTeamCountry "GER"]

1. d4 Nf6 2. c4 c5 3. d5 b5 4. cxb5 e6 5. Nc3 exd5 6. Nxd5 Bb7 7. e4 Be7 8. Bf4 0-0 9. Nc7 Nxe4 10. Nxa8 Bxa8 11. Nf3 Bf6 12. Qc2 Qa5+ 13. Nd2 Re8 14. Be2 Ng5 15. 0-0 Rxe2 16. Rae1 Rxe1 17. Rxe1 Ne6 18. Qxc5 g5 19. Qc8+ Kg7 20. Qxb8 gxf4 21. Rd1 Bd5 22. Nf1 Qxa2 23. Qd6 Bb3 24. Re1 Qxb2 25. Nd2 Bc3 0-1

[Event "Forchheim op-B 15th"]
[Site "Forchheim"]
[Date "2016.10.02"]
[Round "4"]
[White "Weissmann, Peter"]
[Black "Eichenauer, Pascal"]
[Result "1/2-1/2"]
[WhiteElo "1778"]
[BlackElo "1878"]
[PlyCount "35"]
[EventDate "2016.10.01"]
[EventType "swiss"]
[EventRounds "5"]
[EventCountry "GER"]
[SourceTitle "EXT 2019"]
[Source "ChessBase"]
[SourceDate "2018.10.10"]
[SourceVersion "1"]
[SourceVersionDate "2018.10.10"]
[SourceQuality "1"]

1. e4 d6 2. d4 Nf6 3. Nc3 g6 4. Be2 Bg7 5. h4 c6 6. g4 h6 7. f3 Nbd7 8. Be3 e5 9. Qd2 d5 10. dxe5 Nxe5 11. exd5 Nxd5 12. Nxd5 cxd5 13. 0-0-0 Be6 14. Bc5 Nc4 15. Bxc4 dxc4 16. Qb4 Qc7 17. Bd4 Qc6 18. Nh3 1/2-1/2

[Event "Nuremberg Zabo op 18th"]
[Site "Nuremberg"]
[Date "2016.09.18"]
[Round "5"]
[White "Eichenauer, Pascal"]
[Black "Meyer, Robert"]
[Result "1/2-1/2"]
[WhiteElo "1774"]
[BlackElo "1613"]
[PlyCount "68"]
[EventDate "2016.09.16"]
[EventType "swiss"]
[EventRounds "5"]
[EventCountry "GER"]
[SourceTitle "EXT 2018"]
[Source "ChessBase"]
[SourceDate "2017.10.13"]
[SourceVersion "1"]
[SourceVersionDate "2017.10.13"]
[SourceQuality "1"]

1. e4 e6 2. d4 d5 3. exd5 exd5 4. c4 Nf6 5. Nf3 Be7 6. Nc3 0-0 7. Ne5 c6 8. Bf4 Be6 9. Qb3 Qb6 10. Qxb6 axb6 11. b3 Ba3 12. Na4 Bb4+ 13. Kd1 Ne4 14. Nd3 Bc3 15. Nxc3 Nxc3+ 16. Kc2 Ne4 17. f3 Nf6 18. c5 Nbd7 19. cxb6 Nxb6 20. Nc5 Bf5+ 21. Kb2 Ra7 22. g4 Bg6 23. h4 h6 24. h5 Bh7 25. Bh3 Nfd7 26. g5 hxg5 27. Bxg5 Nxc5 28. dxc5 Nc8 29. Rhg1 f6 30. Bh6 b5 31. cxb6 Nxb6 32. Be3 Rb7 33. h6 Nc4+ 34. Kc3 Nxe3 1/2-1/2

[Event "Nuremberg Zabo op 18th"]
[Site "Nuremberg"]
[Date "2016.09.17"]
[Round "3"]
[White "Eichenauer, Pascal"]
[Black "Holland, Arthur"]
[Result "1-0"]
[WhiteElo "1774"]
[BlackElo "1538"]
[PlyCount "41"]
[EventDate "2016.09.16"]
[EventType "swiss"]
[EventRounds "5"]
[EventCountry "GER"]
[SourceTitle "EXT 2018"]
[Source "ChessBase"]
[SourceDate "2017.10.13"]
[SourceVersion "1"]
[SourceVersionDate "2017.10.13"]
[SourceQuality "1"]

1. e4 e5 2. Nf3 Nc6 3. Nc3 Nf6 4. d4 exd4 5. Nxd4 Bb4 6. Nxc6 bxc6 7. Bd3 h6 8. 0-0 d6 9. f4 Ng4 10. Na4 Qh4 11. h3 h5 12. Qf3 Bd7 13. a3 Ba5 14. b4 Bb6+ 15. Nxb6 cxb6 16. Bb2 0-0-0 17. Bc3 Nh6 18. b5 Rdg8 19. bxc6 Bxc6 20. Ba6+ Kc7 21. Rad1 1-0

[Event "Schweinfurt op 26th"]
[Site "Schweinfurt"]
[Date "2016.05.26"]
[Round "1"]
[White "Scheifele, Jan"]
[Black "Eichenauer, Pascal"]
[Result "0-1"]
[WhiteElo "906"]
[BlackElo "1857"]
[PlyCount "132"]
[EventDate "2016.05.26"]
[EventType "swiss"]
[EventRounds "7"]
[EventCountry "GER"]
[SourceTitle "CBM 172 Extra"]
[Source "ChessBase"]
[SourceDate "2016.06.21"]
[SourceVersion "1"]
[SourceVersionDate "2016.06.21"]
[SourceQuality "1"]

1. e4 d6 2. Nf3 Nf6 3. Nc3 g6 4. Bc4 Bg7 5. Ng5 0-0 6. 0-0 c5 7. d3 Nc6 8. Nd5 Nxd5 9. Bxd5 h6 10. Nf3 Bg4 11. h3 Bxf3 12. Qxf3 Nd4 13. Qd1 e6 14. Bxb7 Rb8 15. Ba6 Qa5 16. Bc4 Qa4 17. Bb3 Nxb3 18. cxb3 Qa6 19. Bf4 Bxb2 20. Rb1 Bg7 21. Qc1 Kh7 22. Qc4 Rb6 23. Qxa6 Rxa6 24. Rfe1 e5 25. Bd2 Rxa2 26. Bc3 Rb8 27. b4 Ra3 28. Rec1 h5 29. Ra1 cxb4 30. Rxa3 bxa3 31. Ra1 Rb3 32. Ba5 Bh6 33. Bc7 Bd2 34. Bxd6 Bc3 35. Rxa3 Rxa3 36. Bxa3 Kg7 37. Kh2 Kf6 38. Bc5 Bd4 39. Bb4 Bxf2 40. g3 Ke6 41. Kg2 Bb6 42. g4 hxg4 43. hxg4 a5 44. Bc3 a4 45. Bb4 Bd4 46. Kh3 Bb2 47. Kh4 Kf6 48. g5+ Ke6 49. Kg4 a3 50. Bxa3 Bxa3 51. Kf3 Bc1 52. Kg4 Kd6 53. Kh4 Kc5 54. Kg3 Bxg5 55. Kf3 Kd4 56. Ke2 Bf4 57. Kf3 Kxd3 58. Kg4 Kxe4 59. Kh4 g5+ 60. Kh3 f5 61. Kg2 g4 62. Kg1 Ke3 63. Kf1 g3 64. Kg1 Kf3 65. Kh1 g2+ 66. Kg1 Be3+ 0-1

[Event "Regionalliga NW 1516"]
[Site "Bayern"]
[Date "2016.04.10"]
[Round "9.8"]
[White "Doleschal, Johannes"]
[Black "Eichenauer, Pascal"]
[Result "1-0"]
[WhiteElo "1834"]
[BlackElo "1774"]
[PlyCount "49"]
[EventDate "2015.10.11"]
[EventType "team-tourn"]
[EventRounds "9"]
[EventCountry "GER"]
[SourceTitle "EXT 2018"]
[Source "ChessBase"]
[SourceDate "2017.10.13"]
[SourceVersion "1"]
[SourceVersionDate "2017.10.13"]
[SourceQuality "1"]
[WhiteTeam "Kirchenlaibach"]
[BlackTeam "Wuerzburg"]
[WhiteTeamCountry "GER"]
[BlackTeamCountry "GER"]

1. d4 g6 2. e4 d6 3. c4 Nf6 4. Nc3 Bg7 5. Nf3 0-0 6. Be2 e5 7. 0-0 Nc6 8. d5 Ne7 9. Ne1 c5 10. dxc6 bxc6 11. Bf3 Be6 12. b3 d5 13. cxd5 cxd5 14. exd5 Nfxd5 15. Nxd5 Nxd5 16. Bb2 f5 17. Qd2 e4 18. Bxg7 Kxg7 19. Be2 Qf6 20. Rc1 Rad8 21. Qa5 Rf7 22. Rc6 Re8 23. Bc4 Nf4 24. g3 Qg5 25. Qe5+ 1-0

[Event "Landesliga U20 Nord 1415"]
[Site "Bayern"]
[Date "2014.12.13"]
[Round "3.4"]
[White "Antczak, Lena"]
[Black "Eichenauer, Pascal"]
[Result "1-0"]
[WhiteElo "1615"]
[BlackElo "1774"]
[PlyCount "35"]
[EventDate "2014.11.15"]
[EventType "team-tourn"]
[EventRounds "7"]
[EventCountry "GER"]
[SourceTitle "EXT 2022"]
[Source "ChessBase"]
[SourceDate "2021.10.06"]
[SourceVersion "1"]
[SourceVersionDate "2021.10.06"]
[SourceQuality "1"]
[WhiteTeam "Kelheim SK U20"]
[BlackTeam "Wuerzburg U20"]
[WhiteTeamCountry "GE2"]
[BlackTeamCountry "GER"]

1. e4 e6 2. d4 d5 3. Nd2 c5 4. exd5 exd5 5. Bb5+ Nc6 6. Qe2+ Be6 7. Ngf3 a6 8. Bxc6+ bxc6 9. 0-0 cxd4 10. Nxd4 Qf6 11. Nxc6 Bd6 12. Nf3 Nh6 13. Ncd4 0-0 14. Nxe6 fxe6 15. c3 e5 16. Qd3 Qf7 17. Ng5 Qb7 18. Qxh7# 1-0

[Event "Landesliga U20 Nord 1415"]
[Site "Bayern"]
[Date "2014.11.15"]
[Round "1.4"]
[White "Eichenauer, Pascal"]
[Black "Stephan, Thanh Hai"]
[Result "1-0"]
[WhiteElo "1774"]
[BlackElo "1125"]
[PlyCount "73"]
[EventDate "2014.11.15"]
[EventType "team-tourn"]
[EventRounds "7"]
[EventCountry "GER"]
[SourceTitle "EXT 2022"]
[Source "ChessBase"]
[SourceDate "2021.10.06"]
[SourceVersion "1"]
[SourceVersionDate "2021.10.06"]
[SourceQuality "1"]
[WhiteTeam "Wuerzburg U20"]
[BlackTeam "Hoechstadt SC U20"]
[WhiteTeamCountry "GER"]
[BlackTeamCountry "GER"]

1. e4 e5 2. d4 f6 3. dxe5 fxe5 4. Qh5+ g6 5. Qxe5+ Qe7 6. Qxh8 Qg7 7. Qxg7 Bxg7 8. Nc3 d6 9. Nd5 Kd8 10. Bg5+ Kd7 11. 0-0-0 c6 12. Ne3 h6 13. Nc4 Kc7 14. Rxd6 hxg5 15. Rxg6 Bxb2+ 16. Kxb2 Ne7 17. Rxg5 Be6 18. h4 Nd7 19. Nf3 Rf8 20. Nce5 Nxe5 21. Nxe5 Rxf2 22. Nf3 Bf7 23. Rg7 Bh5 24. Rxe7+ Kd6 25. Rxb7 Bxf3 26. gxf3 Rxf3 27. Rxa7 Rf4 28. Bg2 Rg4 29. e5+ Kxe5 30. Bxc6 Kf6 31. h5 Kg5 32. Rg7+ Kf4 33. Rf1+ Kg3 34. Rg1+ Kh4 35. R7xg4+ Kxh5 36. Ka1 Kh6 37. Rh1# 1-0